Normal view MARC view

Entry Nombre personal

Number of records used in: 1

001 - NÚMERO DE CONTROL

  • campo de control: 240697

003 - IDENTIFICADOR DE NÚMERO DE CONTROL

  • campo de control: DLC

005 - FECHA Y HORA DE LA ÚLTIMA TRANSACCIÓN

  • campo de control: 20250523161542.0

008 - ELEMENTOS DE DATO DE LONGITUD-FIJA

  • campo de control de longitud fija: 830616n| azannaabn a aaa

010 ## - NÚMERO DE CONTROL DE LA BIBLIOTECA DEL CONGRESO

  • Número de control de LC: n 83014104

035 ## - NÚMERO DE CONTROL DEL SISTEMA

  • Número de control de sistema: (OCoLC)oca00908222

040 ## - FUENTE DE CATALOGACIÓN

  • Centro catalogador/agencia de origen: DLC
  • Lengua de catalogación: eng
  • Centro/agencia transcriptor: DLC
  • Centro/agencia modificador: DLC
  • Centro/agencia modificador: OCoLC
  • Centro/agencia modificador: DLC-ON
  • Centro/agencia modificador: InU
  • Centro/agencia modificador: CU-SB
  • Centro/agencia modificador: DLC
  • Normas de descripción: rda

046 ## - FECHAS CON CODIFICACIÓN ESPECIAL

  • Fecha de nacimiento: 19381208

100 0# - ENCABEZAMIENTO-NOMBRE DE PERSONA

  • Nombre de persona: Namkhai Norbu,
  • Fechas asociadas al nombre: 1938-

400 0# - TRAZADO DE VÉASE--NOMBRE DE PERSONA

  • Nombre de persona: Nam-mkhaʼi-nor-bu,
  • Fechas asociadas al nombre: 1938-

400 1# - TRAZADO DE VÉASE--NOMBRE DE PERSONA

  • Subcampo de control: nnaa
  • Nombre de persona: Norbu, Namkhai

400 1# - TRAZADO DE VÉASE--NOMBRE DE PERSONA

  • Nombre de persona: Norbu, Namkhai,
  • Fechas asociadas al nombre: 1938-

400 0# - TRAZADO DE VÉASE--NOMBRE DE PERSONA

  • Nombre de persona: Norbu, Chogyal Namkhai,
  • Fechas asociadas al nombre: 1938-

400 1# - TRAZADO DE VÉASE--NOMBRE DE PERSONA

  • Nombre de persona: Rinpoche, Namkhai Norbu,
  • Fechas asociadas al nombre: 1938-

400 0# - TRAZADO DE VÉASE--NOMBRE DE PERSONA

  • Nombre de persona: A-dzam ʼBrug-sprul Nam-mkhaʼi-nor-bu Rin-po-che,
  • Fechas asociadas al nombre: 1938-

400 1# - TRAZADO DE VÉASE--NOMBRE DE PERSONA

  • Nombre de persona: Nam-mkhaʼi-nor-bu Rin-po-che, A-dzam ʼBrug-sprul,
  • Fechas asociadas al nombre: 1938-

400 0# - TRAZADO DE VÉASE--NOMBRE DE PERSONA

  • Nombre de persona: ʼTsho-byed Gźon-nu Kun-dgaʼ-zla-ba,
  • Fechas asociadas al nombre: 1938-

400 1# - TRAZADO DE VÉASE--NOMBRE DE PERSONA

  • Nombre de persona: Kun-dgaʼ-zla-ba, ʼTsho-byed Gźon-nu,
  • Fechas asociadas al nombre: 1938-

400 0# - TRAZADO DE VÉASE--NOMBRE DE PERSONA

  • Nombre de persona: Nan-kʻa No-pu,
  • Fechas asociadas al nombre: 1938-

400 0# - TRAZADO DE VÉASE--NOMBRE DE PERSONA

  • Nombre de persona: Nanka Nuobu,
  • Fechas asociadas al nombre: 1938-

400 0# - TRAZADO DE VÉASE--NOMBRE DE PERSONA

  • Nombre de persona: Nankanuobu,
  • Fechas asociadas al nombre: 1938-

400 0# - TRAZADO DE VÉASE--NOMBRE DE PERSONA

  • Nombre de persona: Nankaluobu,
  • Fechas asociadas al nombre: 1938-

400 0# - TRAZADO DE VÉASE--NOMBRE DE PERSONA

  • Nombre de persona: Namkai Norbu Rimpoché,
  • Fechas asociadas al nombre: 1938-

400 0# - TRAZADO DE VÉASE--NOMBRE DE PERSONA

  • Nombre de persona: Chogyal Namkhai Norbu,
  • Fechas asociadas al nombre: 1938-

670 ## - FUENTE DE DATOS ENCONTRADOS

  • Cita de la fuente: Tucci, G. Tibetan folk songs ...

670 ## - FUENTE DE DATOS ENCONTRADOS

  • Cita de la fuente: Gzi yi phreṅ ba, 1982:
  • Información encontrada: t.p. (Nam-mkhaʼi-nor-bu)

670 ## - FUENTE DE DATOS ENCONTRADOS

  • Cita de la fuente: The crystal and the way of light, 1986:
  • Información encontrada: CIP t.p. (Namkhai Norbu) data sheet (b. 8-12-38)

670 ## - FUENTE DE DATOS ENCONTRADOS

  • Cita de la fuente: Dzogchen, 1989:
  • Información encontrada: t.p. (Namkhai Norbu) p. 92, etc. (Namkhai Norbu Rinpoche)

670 ## - FUENTE DE DATOS ENCONTRADOS

  • Cita de la fuente: Bod sman gyi cha lag skye ba daṅ ʼtsho ba, 1990:
  • Información encontrada: t.p. (Nam-mkhaʼi-nor-bu) p. v (A-dzam ʼBrug-sprul Nam-mkhaʼi-nor-bu Rin-po-che; ʼTsho-byed Gźon-nu Kun-dgaʼ-zla-ba)

670 ## - FUENTE DE DATOS ENCONTRADOS

  • Cita de la fuente: Źaṅ Bod kyi lo rgyus Ti-seʼi ʼod, 1994:
  • Información encontrada: colophon (Nan-kʻa No-pu)

670 ## - FUENTE DE DATOS ENCONTRADOS

  • Cita de la fuente: ʼPhrul ʼkhor ñi zla kha sbyor daṅ dgoṅs ʼgrel dri med nor buʼi me loṅ źes bya ba, 1993:
  • Información encontrada: colophon (Nankanuoba)

670 ## - FUENTE DE DATOS ENCONTRADOS

  • Cita de la fuente: Źaṅ Bod gnaʼ rabs kyi lo rgyus Nor buʼi me loṅ, 1990:
  • Información encontrada: colophon (Nankaluobu)

670 ## - FUENTE DE DATOS ENCONTRADOS

  • Cita de la fuente: El yoga de los sueños y la práctica de la luz natural, c1997:
  • Información encontrada: t.p. (Namkai Norbu Rimpoché)

670 ## - FUENTE DE DATOS ENCONTRADOS

  • Cita de la fuente: Dzogchen teachings, 2006:
  • Información encontrada: ECIP t.p. (Chogyal Namkhai Norbu)

670 ## - FUENTE DE DATOS ENCONTRADOS

  • Cita de la fuente: A history of Zhang Zhung and Tibet, 2013:
  • Información encontrada: ECIP t.p. (Chogyal Namkhai Norbu) data view (Norbu, Chogyal Namkhai; b. Dec. 8, 1938)